Obras espirituales del Venerable Padre Luis de la Puente, de la Compañía de Jesus, natural de la ciudad de Valladolid

Detalles Bibliográficos
Autor principal: Puente, Luis de la, S. J., 1554-1624
Formato: Libro
Lenguaje:Undetermined
Spanish
Publicado: en Madrid : por Juan Garcia Infanzon, impressor de libros, 1690
Materias:
Colección:Banco de datos
Acervo:Museo Virreinal de Zinacantepec. Estado de México
Descripción Física:5 t. ; f°
Tema general:Ascética
Notas:Portada con orla y monograma de la Compañía de Jesús en grabado xilográfico. Encuadernación en pergamino (3109, 3110)
LEADER 01001nam a2200193Ia 4500
008 150723s9999 xx 000 0 und d
041 0 |a spa 
100 1 |a Puente, Luis de la, S. J., 1554-1624 
245 1 0 |a Obras espirituales del Venerable Padre Luis de la Puente, de la Compañía de Jesus, natural de la ciudad de Valladolid 
260 |a en Madrid : por Juan Garcia Infanzon, impressor de libros, 1690 
300 |a 5 t. ; f° 
500 |a Portada con orla y monograma de la Compañía de Jesús en grabado xilográfico. Encuadernación en pergamino (3109, 3110) 
505 0 0 |a t. 2 El qual contiene el primero, y segundo de los Estados, como se verà en la pagina siguiente . - - t. 3 El qual contiene el tercero, y quarto de los Estados, como se verà en la pagina siguiente 
600 1 4 |a Puente, Luis de la, S. J., 1554-1624 - Obras 
650 1 0 |a Ascética  
949 |a t. 2 (3110), t. 3 (3109) 
942 |c ZINACA 
943 |g Museo Virreinal de Zinacantepec. Estado de México 
999 |c 1106514  |d 1106514